000 00882nas a2200277 4500
001 BR0900435
003 BR-BrBNA
005 20231205113020.0
007 ta
008 230509b bl.|||p| |||| 00| 00por d
040 _aBR-BrBNA
_bpor
_cBiblioteca Nacional de Agricultura
041 _a(Pt)
072 _aQ54; L02
100 1 _aCardoso, E. da C.
100 1 _aPessoa, C.P
100 1 _aSouza, S.S.
100 1 _aAraújo, C.V. de
100 1 _aFerrira, G.D.G.
245 1 _aQualidade das misturas minerais credenciadas e confeccionadas e confeccionadas para bovinos no Estado do Pará, Brasil
650 _aMISTURA MINERAL
650 _aBOVINO
650 _aSUPLEMENTO MINERAL
773 0 _tRevista de Ciências Agrárias (Brazil)
_xISSN 1517-591X
_g(Jan-Jun 2006), (no. 45) p. 243-254
_wBR0900435
909 _a202311
_bLúcia
_c55
_dLúcia Elande
942 _2AGRIS
_n0
_cANA
999 _c201349
_d201349